W kasynie. - Statystyki

Ogólne statystyki
  • Ten quiz został rozwiązany 23 razy
  • Średni wynik to 4 z 7
Statystyki odpowiedzi
Hint Odpowiedź % Poprawnych
3. Ruletka
86%
1. Poker
68%
7. Karty
55%
2. Krupier
55%
5. Żetony
41%
4. Pieniądze
32%
6. Jednoręki Bandyta
27%
Nie znaleziono quizów pasujących do podanych kryteriów
Rozkład punktacji
Procent ludzi z każdym wynikiem
Percentyl według liczby udzielonych odpowiedzi
Twoja historia wyników
Nie rozwiązałeś tego quizu